Hướng dẫn thực tập sư phạm : (Tài liệu đào tạo giáo viên tiểu học trình độ Cao đẳng và Đại học sư phạm)

Tài liệu Hướng dẫn thực tập sư phạm gồm có 4 chủ đề chính: Khái quát chung về thực tập sư phạm; Nội dung của thực tập sư phạm; Kế hoạch thực tập sư phạm; Đánh giá xếp loại kết quả thực tập. Nhằm giúp cho sinh viên hiểu cặn kẽ quy...

Celý popis

Uloženo v:
Podrobná bibliografie
Hlavní autor: Nguyễn, Thị Liên
Médium: Kniha
Jazyk:Undetermined
Vydáno: Hà Nội Giáo dục,Đại học Sư phạm 2007
Témata:
Tagy: Přidat tag
Žádné tagy, Buďte první, kdo otaguje tento záznam!
Thư viện lưu trữ: Trung tâm Học liệu Trường Đại học Cần Thơ
LEADER 01414nam a2200217Ia 4500
001 CTU_127565
008 210402s9999 xx 000 0 und d
082 |a 371.4 
082 |b L305 
100 |a Nguyễn, Thị Liên 
245 0 |a Hướng dẫn thực tập sư phạm : 
245 0 |b (Tài liệu đào tạo giáo viên tiểu học trình độ Cao đẳng và Đại học sư phạm) 
245 0 |c Nguyễn Thị Liên, Huỳnh Thị Kim Trang 
260 |a Hà Nội 
260 |b Giáo dục,Đại học Sư phạm 
260 |c 2007 
520 |a Tài liệu Hướng dẫn thực tập sư phạm gồm có 4 chủ đề chính: Khái quát chung về thực tập sư phạm; Nội dung của thực tập sư phạm; Kế hoạch thực tập sư phạm; Đánh giá xếp loại kết quả thực tập. Nhằm giúp cho sinh viên hiểu cặn kẽ quy chế, quy trình, nội dung, kế hoạch và việc đánh giá công tác thực tập sư phạm. Từ đó giúp học tự tin, chủ động và sáng tạo hơn trong công tác rèn luyện nghề nghiệp của bản thân khi đi thực tập sư phạm. 
650 |a Teachers 
650 |x training of 
904 |i Truc 
980 |a Trung tâm Học liệu Trường Đại học Cần Thơ